00000000nas##2200000za#4500
0019.509509
003CaOODSP
00520260106135558
007ta
008150406c1994||||xxc|| m #||||f|   |0fre|d
040 |aCaOODSP|bfre
041 |aeng
041 |afre
043 |an-cn---
0861 |aM91-7
1102 |aCentre de la technologie de l'énergie de CANMET (Canada)
24510|a[Rapport technologique]
260 |aOttawa - Ontario : |bRessources naturelles Canada.
310 |aIrrégulier
77508|t[Rapport technologique] |w(CaOODSP)9.513136
77508|t[Technology report] |w(CaOODSP)9.514782
7760#|t[Rapport technologique] |w(CaOODSP)9.501499
7760#|t[Technology report] |w(CaOODSP)9.504720
791 |t[Technology report] |eeng|w(CaOODSP)9.509508